<?xml version="1.0" encoding="UTF-8"?>
<collection xmlns="http://www.loc.gov/MARC21/slim">
 <record>
  <leader>04836naa a2200733 c 4500</leader>
  <controlfield tag="001">1876246367</controlfield>
  <controlfield tag="003">DE-627</controlfield>
  <controlfield tag="005">20231215163344.0</controlfield>
  <controlfield tag="007">cr uuu---uuuuu</controlfield>
  <controlfield tag="008">231215s2023    xx |||||oo    00| ||ger c</controlfield>
  <datafield tag="035" ind1=" " ind2=" ">
   <subfield code="a">(DE-627)1876246367</subfield>
  </datafield>
  <datafield tag="035" ind1=" " ind2=" ">
   <subfield code="a">(DE-599)KXP1876246367</subfield>
  </datafield>
  <datafield tag="040" ind1=" " ind2=" ">
   <subfield code="a">DE-627</subfield>
   <subfield code="b">ger</subfield>
   <subfield code="c">DE-627</subfield>
   <subfield code="e">rda</subfield>
  </datafield>
  <datafield tag="041" ind1=" " ind2=" ">
   <subfield code="a">ger</subfield>
  </datafield>
  <datafield tag="084" ind1=" " ind2=" ">
   <subfield code="a">NZ 12320</subfield>
   <subfield code="q">DE-2620/23</subfield>
   <subfield code="2">rvk</subfield>
   <subfield code="0">(DE-625)rvk/132490:</subfield>
  </datafield>
  <datafield tag="084" ind1=" " ind2=" ">
   <subfield code="a">NZ 12340</subfield>
   <subfield code="q">DE-2620/23</subfield>
   <subfield code="2">rvk</subfield>
   <subfield code="0">(DE-625)rvk/132491:</subfield>
  </datafield>
  <datafield tag="084" ind1=" " ind2=" ">
   <subfield code="a">NZ 15320</subfield>
   <subfield code="q">DE-2620/23</subfield>
   <subfield code="2">rvk</subfield>
   <subfield code="0">(DE-625)rvk/132624:</subfield>
  </datafield>
  <datafield tag="084" ind1=" " ind2=" ">
   <subfield code="a">NR 6740</subfield>
   <subfield code="q">DE-2620/23</subfield>
   <subfield code="2">rvk</subfield>
   <subfield code="0">(DE-625)rvk/129664:</subfield>
  </datafield>
  <datafield tag="084" ind1=" " ind2=" ">
   <subfield code="a">NN 3900</subfield>
   <subfield code="q">DE-2620/23</subfield>
   <subfield code="2">rvk</subfield>
   <subfield code="0">(DE-625)rvk/126859:</subfield>
  </datafield>
  <datafield tag="100" ind1="1" ind2=" ">
   <subfield code="a">Hoffmann-Rehnitz, Philip</subfield>
   <subfield code="e">VerfasserIn</subfield>
   <subfield code="0">(DE-588)1078117829</subfield>
   <subfield code="0">(DE-627)837992567</subfield>
   <subfield code="0">(DE-576)448937816</subfield>
   <subfield code="4">aut</subfield>
  </datafield>
  <datafield tag="245" ind1="1" ind2="0">
   <subfield code="a">[Rezension von: Landrock, Christian, 1987-, Nach dem Kriege]</subfield>
  </datafield>
  <datafield tag="264" ind1=" " ind2="1">
   <subfield code="c">2023</subfield>
  </datafield>
  <datafield tag="300" ind1=" " ind2=" ">
   <subfield code="b">Illustration</subfield>
  </datafield>
  <datafield tag="336" ind1=" " ind2=" ">
   <subfield code="a">Text</subfield>
   <subfield code="b">txt</subfield>
   <subfield code="2">rdacontent</subfield>
  </datafield>
  <datafield tag="337" ind1=" " ind2=" ">
   <subfield code="a">Computermedien</subfield>
   <subfield code="b">c</subfield>
   <subfield code="2">rdamedia</subfield>
  </datafield>
  <datafield tag="338" ind1=" " ind2=" ">
   <subfield code="a">Online-Ressource</subfield>
   <subfield code="b">cr</subfield>
   <subfield code="2">rdacarrier</subfield>
  </datafield>
  <datafield tag="655" ind1=" " ind2="7">
   <subfield code="a">Rezension</subfield>
   <subfield code="0">(DE-588)4049712-4</subfield>
   <subfield code="0">(DE-627)106186019</subfield>
   <subfield code="0">(DE-576)209083166</subfield>
   <subfield code="2">gnd-content</subfield>
  </datafield>
  <datafield tag="689" ind1="0" ind2="0">
   <subfield code="d">g</subfield>
   <subfield code="0">(DE-588)4051176-5</subfield>
   <subfield code="0">(DE-627)106178245</subfield>
   <subfield code="0">(DE-576)209091789</subfield>
   <subfield code="a">Sachsen</subfield>
   <subfield code="2">gnd</subfield>
  </datafield>
  <datafield tag="689" ind1="0" ind2="1">
   <subfield code="d">s</subfield>
   <subfield code="0">(DE-588)4012985-8</subfield>
   <subfield code="0">(DE-627)10634580X</subfield>
   <subfield code="0">(DE-576)208901345</subfield>
   <subfield code="a">Dreißigjähriger Krieg</subfield>
   <subfield code="2">gnd</subfield>
  </datafield>
  <datafield tag="689" ind1="0" ind2="2">
   <subfield code="d">s</subfield>
   <subfield code="0">(DE-588)4011412-0</subfield>
   <subfield code="0">(DE-627)106352881</subfield>
   <subfield code="0">(DE-576)208893407</subfield>
   <subfield code="a">Demographie</subfield>
   <subfield code="2">gnd</subfield>
  </datafield>
  <datafield tag="689" ind1="0" ind2="3">
   <subfield code="d">s</subfield>
   <subfield code="0">(DE-588)4055409-0</subfield>
   <subfield code="0">(DE-627)104688963</subfield>
   <subfield code="0">(DE-576)209113723</subfield>
   <subfield code="a">Soldat</subfield>
   <subfield code="2">gnd</subfield>
  </datafield>
  <datafield tag="689" ind1="0" ind2="4">
   <subfield code="d">s</subfield>
   <subfield code="0">(DE-588)4060749-5</subfield>
   <subfield code="0">(DE-627)106138529</subfield>
   <subfield code="0">(DE-576)209136456</subfield>
   <subfield code="a">Psychisches Trauma</subfield>
   <subfield code="2">gnd</subfield>
  </datafield>
  <datafield tag="689" ind1="0" ind2="5">
   <subfield code="d">s</subfield>
   <subfield code="0">(DE-588)4020517-4</subfield>
   <subfield code="0">(DE-627)106317768</subfield>
   <subfield code="0">(DE-576)208933697</subfield>
   <subfield code="a">Geschichte</subfield>
   <subfield code="2">gnd</subfield>
  </datafield>
  <datafield tag="689" ind1="0" ind2=" ">
   <subfield code="5">(DE-627)</subfield>
  </datafield>
  <datafield tag="689" ind1="1" ind2="0">
   <subfield code="d">g</subfield>
   <subfield code="0">(DE-588)4068262-6</subfield>
   <subfield code="0">(DE-627)10474345X</subfield>
   <subfield code="0">(DE-576)209173297</subfield>
   <subfield code="a">Zwickau</subfield>
   <subfield code="2">gnd</subfield>
  </datafield>
  <datafield tag="689" ind1="1" ind2="1">
   <subfield code="d">s</subfield>
   <subfield code="0">(DE-588)4065958-6</subfield>
   <subfield code="0">(DE-627)106116185</subfield>
   <subfield code="0">(DE-576)209161728</subfield>
   <subfield code="a">Wiederaufbau</subfield>
   <subfield code="2">gnd</subfield>
  </datafield>
  <datafield tag="689" ind1="1" ind2="2">
   <subfield code="d">s</subfield>
   <subfield code="0">(DE-588)4447164-6</subfield>
   <subfield code="0">(DE-627)225830361</subfield>
   <subfield code="0">(DE-576)212531042</subfield>
   <subfield code="a">Katastrophenmanagement</subfield>
   <subfield code="2">gnd</subfield>
  </datafield>
  <datafield tag="689" ind1="1" ind2="3">
   <subfield code="a">z</subfield>
   <subfield code="2">gnd</subfield>
   <subfield code="a">Geschichte 1645-1670</subfield>
  </datafield>
  <datafield tag="689" ind1="1" ind2=" ">
   <subfield code="5">(DE-627)</subfield>
  </datafield>
  <datafield tag="700" ind1="1" ind2=" ">
   <subfield code="a">Landrock, Christian</subfield>
   <subfield code="d">1987-</subfield>
   <subfield code="e">VerfasserIn des Bezugswerks</subfield>
   <subfield code="0">(DE-588)117088380X</subfield>
   <subfield code="0">(DE-627)1040199259</subfield>
   <subfield code="0">(DE-576)512690596</subfield>
   <subfield code="4">ant</subfield>
  </datafield>
  <datafield tag="773" ind1="0" ind2="8">
   <subfield code="i">Enthalten in</subfield>
   <subfield code="t">Sehepunkte</subfield>
   <subfield code="d">München : Ludwig-Maximilians-Univ., 2001</subfield>
   <subfield code="g">23(2023), 12</subfield>
   <subfield code="h">Online-Ressource</subfield>
   <subfield code="w">(DE-627)33678273X</subfield>
   <subfield code="w">(DE-600)2062440-2</subfield>
   <subfield code="w">(DE-576)117978736</subfield>
   <subfield code="x">1618-6168</subfield>
   <subfield code="7">nnas</subfield>
  </datafield>
  <datafield tag="773" ind1="1" ind2="8">
   <subfield code="g">volume:23</subfield>
   <subfield code="g">year:2023</subfield>
   <subfield code="g">number:12</subfield>
  </datafield>
  <datafield tag="787" ind1="0" ind2="8">
   <subfield code="i">Rezension von</subfield>
   <subfield code="a">Landrock, Christian, 1987 - </subfield>
   <subfield code="t">Nach dem Kriege</subfield>
   <subfield code="d">Leipzig : Leipziger Universitätsverlag, 2022</subfield>
   <subfield code="h">375 Seiten</subfield>
   <subfield code="w">(DE-627)1831218208</subfield>
   <subfield code="z">9783960234913</subfield>
   <subfield code="z">3960234910</subfield>
  </datafield>
  <datafield tag="856" ind1="4" ind2="0">
   <subfield code="u">https://www.sehepunkte.de/2023/12/37895.html</subfield>
   <subfield code="x">Verlag</subfield>
   <subfield code="z">kostenfrei</subfield>
   <subfield code="7">0</subfield>
  </datafield>
  <datafield tag="935" ind1=" " ind2=" ">
   <subfield code="a">SAXB</subfield>
  </datafield>
  <datafield tag="936" ind1="r" ind2="v">
   <subfield code="a">NZ 12320</subfield>
   <subfield code="b">Johann Georg I (1611 - 1650)</subfield>
   <subfield code="k">Geschichte</subfield>
   <subfield code="k">Regionale Landeskunde</subfield>
   <subfield code="k">Landesgeschichte Sachsen</subfield>
   <subfield code="k">Geschichte Sachsens nach Zeitabschnitten</subfield>
   <subfield code="k">Wettiner (1423 - 1806)</subfield>
   <subfield code="k">Albertinische Kurfürsten (1541 - 1806)</subfield>
   <subfield code="k">Johann Georg I (1611 - 1650)</subfield>
   <subfield code="0">(DE-627)1272126404</subfield>
   <subfield code="0">(DE-625)rvk/132490:</subfield>
   <subfield code="0">(DE-576)202126404</subfield>
  </datafield>
  <datafield tag="936" ind1="r" ind2="v">
   <subfield code="a">NZ 12340</subfield>
   <subfield code="b">Johann Georg II (1656 - 1680)</subfield>
   <subfield code="k">Geschichte</subfield>
   <subfield code="k">Regionale Landeskunde</subfield>
   <subfield code="k">Landesgeschichte Sachsen</subfield>
   <subfield code="k">Geschichte Sachsens nach Zeitabschnitten</subfield>
   <subfield code="k">Wettiner (1423 - 1806)</subfield>
   <subfield code="k">Albertinische Kurfürsten (1541 - 1806)</subfield>
   <subfield code="k">Johann Georg II (1656 - 1680)</subfield>
   <subfield code="0">(DE-627)1272126412</subfield>
   <subfield code="0">(DE-625)rvk/132491:</subfield>
   <subfield code="0">(DE-576)202126412</subfield>
  </datafield>
  <datafield tag="936" ind1="r" ind2="v">
   <subfield code="a">NZ 15320</subfield>
   <subfield code="b">Einzelne Zeiträume</subfield>
   <subfield code="k">Geschichte</subfield>
   <subfield code="k">Regionale Landeskunde</subfield>
   <subfield code="k">Landesgeschichte Sachsen</subfield>
   <subfield code="k">Orts- und Regionalgeschichte</subfield>
   <subfield code="k">Ortsgeschichte</subfield>
   <subfield code="k">Zwickau</subfield>
   <subfield code="k">Einzelne Zeiträume</subfield>
   <subfield code="0">(DE-627)1271276941</subfield>
   <subfield code="0">(DE-625)rvk/132624:</subfield>
   <subfield code="0">(DE-576)201276941</subfield>
  </datafield>
  <datafield tag="936" ind1="r" ind2="v">
   <subfield code="a">NR 6740</subfield>
   <subfield code="b">Zwickau</subfield>
   <subfield code="k">Geschichte</subfield>
   <subfield code="k">Landes- und Stadtgeschichte (Allgemeine, Deutsche und Österreichische Landes- und Stadtgeschichte, Ausländische Stadtgeschichte, Geschichte der Auslanddeutschen)</subfield>
   <subfield code="k">Deutsche Landesgeschichte im Einzelnen (einschl. ehemaliger deutscher Gebiete)</subfield>
   <subfield code="k">Thüringen, Sachsen, Sachsen-Anhalt</subfield>
   <subfield code="k">Stadtgeschichte</subfield>
   <subfield code="k">Einzelne Städte</subfield>
   <subfield code="k">Städte Z</subfield>
   <subfield code="k">Zwickau</subfield>
   <subfield code="0">(DE-627)1271563738</subfield>
   <subfield code="0">(DE-625)rvk/129664:</subfield>
   <subfield code="0">(DE-576)201563738</subfield>
  </datafield>
  <datafield tag="936" ind1="r" ind2="v">
   <subfield code="a">NN 3900</subfield>
   <subfield code="b">Einzelne deutsche Territorien und Städte</subfield>
   <subfield code="k">Geschichte</subfield>
   <subfield code="k">Neuere Geschichte</subfield>
   <subfield code="k">Zeitalter der Gegenreformation und des Dreißigjährigen Krieges (1555 - 1648)</subfield>
   <subfield code="k">Dreißigjähriger Krieg</subfield>
   <subfield code="k">Einzelne deutsche Territorien und Städte</subfield>
   <subfield code="0">(DE-627)1271466228</subfield>
   <subfield code="0">(DE-625)rvk/126859:</subfield>
   <subfield code="0">(DE-576)201466228</subfield>
  </datafield>
  <datafield tag="951" ind1=" " ind2=" ">
   <subfield code="a">AR</subfield>
  </datafield>
  <datafield tag="994" ind1=" " ind2=" ">
   <subfield code="u">https://www.sehepunkte.de/2023/12/37895.html</subfield>
  </datafield>
  <datafield tag="990" ind1=" " ind2=" ">
   <subfield code="a">Sachsen</subfield>
  </datafield>
  <datafield tag="990" ind1=" " ind2=" ">
   <subfield code="a">Dreißigjähriger Krieg</subfield>
  </datafield>
  <datafield tag="990" ind1=" " ind2=" ">
   <subfield code="a">Demographie</subfield>
  </datafield>
  <datafield tag="990" ind1=" " ind2=" ">
   <subfield code="a">Soldat</subfield>
  </datafield>
  <datafield tag="990" ind1=" " ind2=" ">
   <subfield code="a">Psychisches Trauma</subfield>
  </datafield>
  <datafield tag="990" ind1=" " ind2=" ">
   <subfield code="a">Geschichte</subfield>
  </datafield>
  <datafield tag="990" ind1=" " ind2=" ">
   <subfield code="a">Zwickau</subfield>
  </datafield>
  <datafield tag="990" ind1=" " ind2=" ">
   <subfield code="a">Wiederaufbau</subfield>
  </datafield>
  <datafield tag="990" ind1=" " ind2=" ">
   <subfield code="a">Katastrophenmanagement</subfield>
  </datafield>
  <datafield tag="990" ind1=" " ind2=" ">
   <subfield code="a">Geschichte 1645-1670</subfield>
  </datafield>
  <datafield tag="991" ind1=" " ind2=" ">
   <subfield code="a">Rezension (Monographie, Zeitschrift, Aufsatz)</subfield>
  </datafield>
  <datafield tag="999" ind1=" " ind2=" ">
   <subfield code="a">KXP-PPN1876246367</subfield>
   <subfield code="e">4978820642</subfield>
  </datafield>
 </record>
</collection>
